Труды Института. Вып. 155: Полевые и лабораторные исследования устойчивости и прочности свай и шпунтовой стенки (Запись № 13605133)

Подробности
000 -МАРКЕР
контрольное поле 01393nam2a2200241 4500
001 - ИДЕНТИФИКАТОР ЗАПИСИ
контрольное поле rc\2961098
005 - ИДЕНТИФИКАТОР ВЕРСИИ
контрольное поле 20260315061039.0
035 ## - ДРУГИЕ СИСТЕМНЫЕ НОМЕРА
Идентификатор записи (NLR Aleph) 007107782
100 ## - ДАННЫЕ ОБЩЕЙ ОБРАБОТКИ
Данные общей обработки 20110902d1935 u y0rusy50 ca
101 0# - ЯЗЫК РЕСУРСА
Язык текста, звукозаписи и т.д. русский
102 ## - СТРАНА ПУБЛИКАЦИИ ИЛИ ПРОИЗВОДСТВА
Страна публикации Российская Федерация
105 ## - ПОЛЕ КОДИРОВАННЫХ ДАННЫХ: ТЕКСТОВЫЕ МАТЕРИАЛЫ, МОНОГРАФИЧЕСКИЕ
Кодированные данные о монографическом текстовом документе y z |||||
200 1# - ЗАГЛАВИЕ И СВЕДЕНИЯ ОБ ОТВЕТСТВЕННОСТИ
Основное заглавие Полевые и лабораторные исследования устойчивости и прочности свай и шпунтовой стенки
210 ## - ПУБЛИКАЦИЯ, РАСПРОСТРАНЕНИЕ И ДР.
Дата издания, распространения и т.д. 1935
461 #0 - УРОВЕНЬ НАБОРА
Встроенное поле 001rc\2961057
-- 2001#$aТруды Института$eвып. 82-$fНаркомвод СССР. ЦНИВТ. Центр. науч.-исслед. ин-т водного транспорта$vВып. 155
Системный номер (АБИС) связанной записи 6735982
Автор Центральный научно-исследовательский институт водного транспорта (Ленинград)
Место публикации Ленинград
Дата публикации 1933
Первые сведения об ответственности Наркомвод СССР. ЦНИВТ. Центр. науч.-исслед. ин-т водного транспорта
Имя издателя, распространителя и т.д. Гострансиздат, Ленингр. отд-ние
Сведения, относящиеся к заглавию вып. 82-
Заглавие Труды Института
Номер тома Вып. 155
700 #1 - ИМЯ ЛИЦА - ПЕРВИЧНАЯ ОТВЕТСТВЕННОСТЬ
Графика поля Кириллица
Материалы, к которым относится поле rus
Начальный элемент ввода Яропольский
Часть имени, кроме начального элемента ввода И. В.
Даты 1894-
Расширение инициалов личного имени Иван Васильевич
Системный номер авторитетной/нормативной записи 143424
Идентификатор авторитетной/нормативной записи RU\NLR\AUTH\770143460
801 #0 - ИСТОЧНИК ЗАПИСИ
Страна Российская Федерация
Организация NLR
Правила каталогизации psbo
801 #1 - ИСТОЧНИК ЗАПИСИ
Страна Российская Федерация
Организация ELAR
Источник данных rusmarc
852 ## - МЕСТОНАХОЖДЕНИЕ И ШИФР ХРАНЕНИЯ
Идентификатор организации NLR
Шифр хранения (Call Number) 34-19/181
942 ## - ДОПОЛНИТЕЛЬНЫЕ ЭЛЕМЕНТЫ ЗАПИСИ (АБИС)
Тип экземпляра АБИС Неопределено
980 ## - КОЛЛЕКЦИЯ
Название коллекции Национальная библиография

Нет доступных экземпляров.